=LDR 00000nam 2200000 4500 =001 INLIS000000000022534 =005 20130612121301 =008 ***********************************Ind** =035 ##$$0010-061300000022534 =041 ##$$a Ind =082 ##$$a 028 =090 ##$$a 028, Com a =100 ##$$a Saputra Alice =245 ##$$a Aku dan Morgan =260 ##$$a 1996 $b Jakarta =300 ##$$a 30 hlm, ilus, 21 cm =650 ##$$a Bacaan anak-anak =850 ##$$a NBPNMAT